Tecnologías de gestión /
Guardado en:
| Autor Principal: | |
|---|---|
| Otros Autores: | |
| Formato: | Libro |
| Publicado: |
Buenos Aires :
Macchi,
2000
|
| Materias: | |
| Etiquetas: |
Agregar Etiqueta
Sin Etiquetas, Sea el primero en etiquetar este registro!
|
| LEADER | 01016nam a22002055a 4500 | ||
|---|---|---|---|
| 001 | CEM.cems010530 | ||
| 005 | 20080512134818.0 | ||
| 008 | 130507s2000##################000#0#####d | ||
| 003 | CEMS | ||
| 020 | |a 9505375069 | ||
| 082 | 0 | 4 | |a 658.01 |
| 100 | 1 | |a Cortagerena, Alicia B. | |
| 245 | 1 | 0 | |a Tecnologías de gestión / |c Alicia B. Cortagerena, Claudio F. Freijedo |
| 260 | |a Buenos Aires : |b Macchi, |c 2000 | ||
| 300 | |a 223 p. | ||
| 505 | 0 | |a La función de producción -- Las actividades de producción -- La gestión financiera y bancaria -- Los elementos de la gestión financiera y bancaria -- Introducción al cálculo financiero -- La gestión comercial y de ventas -- La función comercial -- Los elementos de la gestión comercial -- La gestión de los recursos humanos -- La administración de recursos humanos. Funciones y criterios | |
| 653 | |a Administración de empresas | ||
| 653 | |a Administración de personal | ||
| 700 | 1 | |a Freijedo, Claudio F. | |
| 859 | |a CEMS |b BIB. CEMS - 11 de abril |h 658.01 |i C668-1 |p 21070.00 |t Ej.1 | ||
